Theory of Organization Development and Change. (Record no. 349896)
[ view plain ]
| 000 -LEADER | |
|---|---|
| fixed length control field | 00617nam a22002417a 4500 |
| 003 - CONTROL NUMBER IDENTIFIER | |
| control field | OSt |
| 005 - DATE AND TIME OF LATEST TRANSACTION | |
| control field | 20180116183002.0 |
| 008 - FIXED-LENGTH DATA ELEMENTS--GENERAL INFORMATION | |
| fixed length control field | 150306b xxu||||| |||| 00| 0 eng d |
| 020 ## - INTERNATIONAL STANDARD BOOK NUMBER | |
| International Standard Book Number | 9788131516201 |
| 022 ## - INTERNATIONAL STANDARD SERIAL NUMBER | |
| International Standard Serial Number | 8131516202 |
| 040 ## - CATALOGING SOURCE | |
| Transcribing agency | 0 |
| 050 ## - LIBRARY OF CONGRESS CALL NUMBER | |
| Classification number | 302.85 |
| 082 ## - DEWEY DECIMAL CLASSIFICATION NUMBER | |
| Classification number | 302.85 |
| 100 ## - MAIN ENTRY--PERSONAL NAME | |
| Personal name | Cummings,Thomas G. |
| 245 ## - TITLE STATEMENT | |
| Title | Theory of Organization Development and Change. |
| Statement of responsibility, etc. | Thomas G.Cummings |
| 250 ## - EDITION STATEMENT | |
| Edition statement | 9th. |
| 260 ## - PUBLICATION, DISTRIBUTION, ETC. | |
| Place of publication, distribution, etc. | New Delhi |
| Name of publisher, distributor, etc. | CENGAGE Learning. |
| Date of publication, distribution, etc. | 2012 |
| 300 ## - PHYSICAL DESCRIPTION | |
| Extent | 811p. |
| 500 ## - GENERAL NOTE | |
| General note | Paper Cover |
| 600 ## - SUBJECT ADDED ENTRY--PERSONAL NAME | |
| Personal name | Cummings,Thomas G. |
| 700 ## - ADDED ENTRY--PERSONAL NAME | |
| Personal name | Cummings,Thomas G. |
| 942 ## - ADDED ENTRY ELEMENTS (KOHA) | |
| Source of classification or shelving scheme | |
| Koha item type | Book |
| Call number prefix | 302.85 |
| Withdrawn status | Lost status | Source of classification or shelving scheme | Damaged status | Not for loan | Collection code | Permanent Location | Current Location | Shelving location | Date acquired | Total Checkouts | Full call number | Barcode | Date last seen | Date last checked out | Price effective from | Koha item type |
|---|---|---|---|---|---|---|---|---|---|---|---|---|---|---|---|---|
| Central Library (CL) | Central Library (CL) | General Stacks | 03/06/2015 | 2 | 302.85 CUM | NBS9180 | 04/28/2019 | 03/18/2019 | 03/06/2015 | Book | ||||||
| Central Library (CL) | Central Library (CL) | General Stacks | 03/06/2015 | 1 | 302.85 CUM | NBS9181 | 11/22/2017 | 07/20/2017 | 03/06/2015 | Book |
